| 000 | 00499nam a2200157Ia 4500 | ||
|---|---|---|---|
| 008 | 220216s9999 xx 000 0 und d | ||
| 100 | _aThomas V. | ||
| 245 | 0 | _aOccurrence of bark chlorophyll on mature rubber trees (Hevea brasiliensis) | |
| 260 |
_bProceedings of the 82nd Indian Science Congress, 3-8 January 1995, Calcutta, India. _c1995 |
||
| 650 | _aBark chlorophyll | ||
| 700 | _aPothen J. | ||
| 700 | _aPotty S.N. | ||
| 700 | _aSaraswathyamma C.K. | ||
| 700 | _aVinod K.K. | ||
| 942 | _cBS | ||
| 999 |
_c52971 _d52971 |
||